Im-ígyen szóla Zarathustra

Elmentve itt :
Bibliográfiai részletek
Szerző: Nietzsche, Friedrich
További közreműködők: Wildner Ödön
Adatforrás:Philobibl
Dokumentumtípus: Könyv
Nyelv:magyar
Kulcsszavak:filozófia, német
Nietzsche, Friedrich
Megjelent: Szeged Göncöl [1992]
Sorozat:Társadalomtudományi könyvtár
LEADER 00527nam a2200169 c 4500
001 bibPHI0040810
005 20200924124420.4
008 031128s1992 hu u j hun d
100 1 |a Nietzsche, Friedrich 
245 1 0 |a Im-ígyen szóla Zarathustra  |c Friedrich Nietzsche ; [ford. Wildner Ödön] 
260 |a Szeged  |b Göncöl  |c [1992] 
300 |a 440 p. 
490 1 |a Társadalomtudományi könyvtár 
695 |a filozófia, német 
695 |a Nietzsche, Friedrich 
700 1 |a Wildner Ödön 
830 0 |a Társadalomtudományi könyvtár